000 01265cad a22002415a 4500
001 L156931
008 120731s2012 xxkad f s 000 0 eng d
035 _a(Sirsi) u156931
041 0 _aeng
110 2 _aRoyal Institution of Chartered Surveyors
_bEconomics
_95033
245 0 0 _aRICS global commercial property survey
_bQ2 2012
_h[electronic resource]
260 _aLondon
_bRICS
_c2012
490 0 _aRICS Global Commercial Property Survey United Kingdom
_vQ2 2012
520 _aReal estate hit by worsening ecnomic outlook. Generally weaker picture with a few pockets of strength reported. Euro area ex-Germany remains very soft across the board. Two thirds of countries expect rental decreases in the coming quarter.
520 _aGlobal survey and also a suite of regional commercial property surveys for the Americas; Asia; Europe; India; and Oceania.
590 _aKA
650 2 4 _aRICS GLOBAL COMMERCIAL PROPERTY SURVEY
651 4 _aInternational
690 _aCommercial property
_96227
856 4 0 _uhttps://www.rics.org/site/download_feed.aspx?fileID=12212&fileExtension=PDF
_zView the survey at www.rics.org
856 4 0 _uhttps://www.rics.org/site/scripts/downloads.aspx?categoryID=710
_zView the regional surveys at www.rics.org
942 _n0
999 _c114498
_d114498